Quizzes
Events
Quiz Creation
Community
Videos
Private Events
Remove Ads
Sign In
Join for FREE
Feedback
Dark Mode
Quiz Categories
Sports
Geography
Music
Movies
Television
Just For Fun
Miscellaneous
History
Literature
Language
Science
Gaming
Entertainment
Religion
Holiday
For Kids
Quiz Lab
Recent
Popular Today
Quiz Kudos Today
Editor Picks
Curator Picks
Quizzes by...
Day
Popularity
Type
Ratings
Length
Year
Community
Subscriptions
Recent Discussions
Orange Saloon
Badges
Playlists
Quests
Create
Leaderboards
Showdown
Live 5
Trivia Bingo
Activity
Puzzle Library
Sporcle Events
Private Events
Virtual Trivia
Globe League
Become a Host
Pub Owners
SporcleCon
Opinionation
Our Games
Videos
Blog
Mobile Apps
Partnerships
Remove Ads and Go Orange
Feedback
Religion
Mythology
Religious Music
World Religions
Bible
Christianity
Catholicism
Judaism
Church
Scripture
Islam
Verse
Religion
Mythology
Religious Music
World Religions
Bible
Christianity
Catholicism
Judaism
Church
Scripture
Islam
Verse
Random Quiz
Search Sporcle
×
Quiz Lab
Quiz Lab
Religion
Mythology
Type in answers that appear in a list
Type in answers that appear in a list
Classic
Best Score? Go Orange.
The Greek Underworld Stats
Can you name the The Greek Underworld?
By
jb225
10m
16 Questions
185 Plays
185 Plays
185 Plays
Comments
Comments
Give Quiz Kudos
Give Quiz Kudos
-
- Ratings
hide this ad
Replay
Link that replays current quiz
Next Quiz
Link to next quiz in quiz playlist
You Got
0%
They Got
Avg Score
55%
Avg Friend Score
Upgrade to see
Score Distribution
Jump to the score distribution portion of the page
Score
0/16
Timer
10:00
0
Plays Today
Part of the Underworld
Name
% Correct
King/
Ruler
Hades
97.8%
Queen
Persephone
90.3%
The River of Unbreakable Oath
The River Styx
86.5%
Ferryman of the Dead
Charon
77.3%
Guardian of the Adamantine Gates
Cerberus
68.1%
The River of Forgetfulness
The Lethe River
57.3%
Final resting place for prisoners, criminals and evildoers -
lowest section of the underworld
Tartarus
57.3%
Judge
Minos
56.8%
Part of the Underworld
Name
% Correct
Guide to the Underworld (it's a part-
time job)
Hermes
49.7%
The River of Woe
The Acheron River
48.6%
The River of Lamentation
The Cocytus River
43.8%
The River of Fire
The Phlegethon River
42.2%
Final resting place for those of virtue
The Elysian Fields
34.1%
Judge
Rhadamanthus
29.7%
Personification of Vengeance
The Furies
29.2%
Judge
Aeacus
24.9%
Quiz Playlist
Details
Report
Send in Message
Add To Playlist
Classic:
Type in answers that appear in a list
Last Updated: Feb 16, 2017
Quiz Scoreboard
CHALLENGE
Sign Up to Join the Scoreboard
Show All
Scores
Hide
Comments
May contain spoilers
Recently Published
1-10 Letter E Words III
by El_Dandy
Language
2m
One Thing in Common: World Cities II
by knightlancer
Geography
7m
Popular People in 1961
by mucciniale
History
6m
More to Explore
Quiz From the Vault
Featured Blog Post
Where Did the Easter Bunny Come From?
hide this ad
You Might Also Like...
Tags
Mythology Quiz
death
Greek
Mythological Creatures
Underworld
Today's Top Quizzes in Religion
Browse Religion
hide this ad
Today's Top Quizzes in Mythology
Browse Mythology
Top Contributed Quizzes in Religion
1
10 to 1: Islam
2
10 to 1: Protestantism
3
10 to 1: Norse Religion
4
10 to 1: Judaism
5
10 to 1: Hinduism
6
Names of Surahs in the Quran
7
Six-Letter Greek Mythology
8
5 Blitz: Mythical Beasts
9
Pick a Jesus Christ
10
Bible Verses for April 1 (4:1)
Explore More
Trending Topics
Marvel
Anime
Crossword
Harry Potter
NBA
Kpop
Disney
The Office
Country
WWE
NFL
Soccer
Puzzle
Song
Pokémon
hide this ad
More By:
jb225
Quiz
Plays
Rating
Category
Featured
Created
Can you name Spiderman's biggest villains?
5,791
2.28
Entertainment
May 8, 2011
Can you name Superman's better known villains?
3,611
2.65
Entertainment
May 8, 2011
Countries of the USSR
930
2.67
Geography
Mar 14, 2011
Can you name Batman's better known enemies?
893
2.75
Entertainment
May 8, 2011
Members of Marvel's The Avengers
585
2.57
Entertainment
May 8, 2011
Go to Creator's Profile
Score Distribution
Quiz Creator Spotlight
jb225
Follow
Send a Message
Quizzes Created
-
Created Quiz Play Count
-
More By This Creator
Popular Quizzes Today
1
Find the US States - No Outlines Minefield
2
Popular People in 1961
3
The Countries of the World
4
1-10 Letter E Words III
5
Find the US States
6
Find the Countries of Europe - No Outlines Minefield
7
US States
8
One Thing in Common: World Cities II
More Religion Quizzes
Majority Muslim Countries
Published
Trending Quizzes
1-10 Letter F Words
1-10 Letter G Words
Risky Map Clicking: States by Unique Starting Letters
1-10 Letter F Words II
Risky Map Clicking: Next State Alphabetically
Recently Updated
Reality TV Shows (A-Z)
bhenderson79
Rickey Henderson's Hall of Fame Teammates
pecheneg
Champions League XIs: Arsenal
pecheneg
Quick Pick: Celebrities in WWE's Hall of Fame
aduchscher
A-Z Keypad Blitz II
pecheneg
Multiple Oscar Actors
pecheneg
Mystery Phrase Blitz: Oscar 'Best Actors'
pecheneg
F. Scott Fitzgerald Novels
LTH
Pick 3 Villains
ddd62291
This, But Not That XII
gazzso
Trending Topics
Marvel
Anime
Harry Potter
Disney
NBA
Crossword
Kpop
Song
Pokémon
WWE
Country
Soccer
Puzzle
NFL
The Office
Your Account Isn't Verified!
In order to create a playlist on Sporcle, you need to verify the email address you used during registration. Go to your
Sporcle Settings
to finish the process.
Report this User
Report this user for behavior that violates our
Community Guidelines
.
Details:
Send Report
Go to the Sporcle.com Mobile Site →
Comments